[Event "Muensterland Verbandsklasse-B 0708"]
[Site "Germany"]
[Date "2007.10.20"]
[Round "2.8"]
[White "Joergensmann, Rolf"]
[Black "Overkaemping, Helmut"]
[Result "1-0"]
[WhiteElo "1698"]
[BlackElo "1537"]
[PlyCount "135"]
[EventDate "2007.09.15"]
[EventType "team"]
[EventRounds "9"]
[EventCountry "GER"]
[SourceTitle "EXT 2009"]
[Source "ChessBase"]
[SourceDate "2008.11.26"]
[SourceVersion "1"]
[SourceVersionDate "2008.11.26"]
[SourceQuality "1"]
[WhiteTeam "Nienberge"]
[BlackTeam "Suedlohn II"]
[WhiteTeamCountry "GER"]
[BlackTeamCountry "GER"]

1. e4 c5 2. Nf3 d6 3. c3 Nf6 4. Qc2 e6 5. Be2 Be7 6. d4 0-0 7. 0-0 Qc7 8. dxc5 dxc5 9. Bg5 Nc6 10. Nbd2 b6 11. Bd3 Ne5 12. Nxe5 Qxe5 13. f4 Qc7 14. Bxf6 gxf6 15. Rae1 Kh8 16. Rf3 Rg8 17. Nf1 Bb7 18. Ng3 Rg4 19. Qf2 c4 20. Bf1 Bc5 21. Rfe3 Qxf4 22. Bxc4 Bxe3 23. Rxe3 Qxf2+ 24. Kxf2 Rgg8 25. Be2 Rg5 26. Bf3 Rd8 27. h4 Re5 28. Nf1 f5 29. exf5 Rxf5 30. Kg3 Bxf3 31. gxf3 h5 32. Re2 Kg7 33. Ne3 Re5 34. f4 Rc5 35. Kf3 Kf6 36. c4 Rc7 37. b3 Ke7 38. Nd5+ Kd6 39. Nxc7 Kxc7 40. Rg2 Rd3+ 41. Ke4 Rh3 42. Rg7 Kd6 43. Rxf7 Rxh4 44. Ke3 Rh1 45. Rxa7 h4 46. Rh7 h3 47. Kf3 Rh2 48. Kg3 Rxa2 49. Rxh3 Rb2 50. Kg4 Kc5 51. Kg5 Rf2 52. Re3 Kd6 53. Re5 Rf3 54. Rb5 Kc6 55. Kf6 Rxf4+ 56. Kxe6 Re4+ 57. Kf5 Re3 58. Kf4 Re1 59. Kf3 Re8 60. Rf5 Re1 61. b4 Rc1 62. Rf4 Rb1 63. Rf6+ Kb7 64. Rf7+ Kc6 65. b5+ Kc5 66. Rc7+ Kd6 67. Rc6+ Kd7 68. Rxb6 1-0